Catalog

Record Details

Catalog Search



Rock zombies / Terry Moore, writer ; Takeshi ... Read More

Miyazawa, Takeshi.(Added Author).
Series: Runaways

Available copies

  • 2 of 2 copies available at LARL/NWRL Consortium.
  • 2 of 2 copies available at Lake Agassiz Regional Library. (Show preferred library)

Current holds

0 current holds with 2 total copies.

Show Only Available Copies
Location Call Number / Copy Notes Barcode Shelving Location Status Due Date
Crookston Public Library Y G MOO (Text) 33500010261899 Main Available -
Moorhead Public Library Y G MOO (Text) 33500010261840 Main Available -

Record details

  • ISBN: 9780785131564
  • ISBN: 0785131566
  • ISBN: 9780785140740 (pbk.)
  • ISBN: 0785140743 (pbk.)
  • Physical Description: 1 v. (unpaged) : col. ill. ; 27 cm.
  • Publisher: New York : Marvel Publishing Inc., 2009.

Content descriptions

General Note:
"Contains material originally published in magazine form as Runaways #7-10"--Tp verso
Formatted Contents Note:
Mollifest destiny / Chris Yost, writer ; Sara ... Read More
Subject: Runaway teenagers > Comic books, strips, etc.
Zombies > Comic books, strips, etc.
Genre: Superhero comic books, strips, etc.
Science fiction comic books, strips, etc.
Graphic novels.
LDR 02303cam a2200457Ia 4500
001111189
003LARL_NWRL_CONSORTIUM
00520091127153444.0
008090328s2009 nyua 000 0 eng d
015 . ‡aGBA979296 ‡2bnb
0167 . ‡a015347080 ‡2Uk
020 . ‡a9780785131564
020 . ‡a0785131566
020 . ‡a9780785140740 (pbk.)
020 . ‡a0785140743 (pbk.)
035 . ‡a(OCoLC)317466606
08204. ‡a741.5973 ‡222
1001 . ‡aMoore, Terry, ‡d1954- ‡0(LARL_NWRL_CONSORTIUM)207126
24510. ‡aRock zombies / ‡cTerry Moore, writer ; Takeshi Miyazawa, penciler ; Takeshi Miyazawa, Norman Lee, Craig Yeung, inkers ; Christina Strain, colorist ; VC's Joe Caramanga, letterer.
260 . ‡aNew York : ‡bMarvel Publishing Inc., ‡c2009.
300 . ‡a1 v. (unpaged) : ‡bcol. ill. ; ‡c27 cm.
4900 . ‡aRunaways
50500. ‡tMollifest destiny / ‡rChris Yost, writer ; Sara Pichelli, artist ; Christina Strain, colorist ; VC's Joe Caramanga, letterer -- ‡tTruth or dare / ‡rJames Asmus, writer ; Emma Rios, artist ; Christina Strain, colorist ; VC's Joe Caramanga, letterer.
500 . ‡a"Contains material originally published in magazine form as Runaways #7-10"--Tp verso
650 0. ‡aRunaway teenagers ‡vComic books, strips, etc.
655 0. ‡aSuperhero comic books, strips, etc.
650 0. ‡aZombies ‡vComic books, strips, etc.
655 0. ‡aScience fiction comic books, strips, etc.
655 0. ‡aGraphic novels.
7001 . ‡aMiyazawa, Takeshi. ‡0(LARL_NWRL_CONSORTIUM)195664
901 . ‡a111189 ‡bOCLC ‡c111189 ‡tbiblio

Additional Resources